|
|
|
|
| LEADER |
00699cam a2200193 7i4500 |
| 001 |
0000027239 |
| 005 |
20030107090000.0 |
| 020 |
# |
0 |
|a 0130261866
|
| 090 |
0 |
0 |
|a HA 29
|b A769 2002
|
| 100 |
1 |
# |
|a Aron
|
| 245 |
1 |
0 |
|a Statistics for the behavioral and social sciences :
|b a brief course
|c Arthur Aron, Elaine N. Aron.
|
| 250 |
# |
# |
|a 2nd ed..
|
| 260 |
# |
# |
|a Upper Saddle River, NJ:
|b Prentice Hall,
|c 2002..
|
| 300 |
# |
# |
|a xxi, 330 p.:
|b ill.;
|c 26 cm..
|
| 504 |
0 |
0 |
|a Includes bibliographical references (p. 321-324) and index.
|
| 650 |
0 |
0 |
|a Social sciences --
|x Statistical methods
|
| 650 |
0 |
0 |
|a Social sciences --
|x Data processing
|
| 700 |
1 |
1 |
|a Aron,
|h Elaine
|
| 999 |
|
|
|a 1100012284
|b Book
|c Open Shelf
|e KOLEKSI TERBUKA
|